书目信息 |
| 题名: |
21世纪战争透析
|
|
| 作者: | 崔国平 , 郭瑞芳 主编 | |
| 分册: | ||
| 出版信息: | 石家庄 河北科学技术出版社 2003.01 |
|
| 页数: | 327页 | |
| 开本: | 22cm | |
| 丛书名: | ||
| 单 册: | ||
| 中图分类: | E81 | |
| 科图分类: | ||
| 主题词: | 战略学--军事 | |
| 电子资源: | ||
| ISBN: | 7-5375-2679-6 | |
| 000 | 00679nam0 2200217 450 | |
| 001 | 1158533436 | |
| 005 | 20111226161637.42 | |
| 010 | @a7-5375-2679-6@dCNY20.00 | |
| 100 | @a20111226d2003 km y0chiy0120 ea | |
| 101 | 0 | @achi |
| 102 | @aCN@b130000 | |
| 105 | @az z 000yy | |
| 200 | 1 | @a21世纪战争透析@A21 shi ji zhan zheng tou xi@f崔国平, 郭瑞芳主编@Fcui guo ping,guo rui fang zhu bian |
| 210 | @a石家庄@c河北科学技术出版社@d2003.01 | |
| 215 | @a327页@d22cm | |
| 606 | 0 | @a战略学@x军事 |
| 690 | @aE81@v4 | |
| 701 | 0 | @a崔国平@Acui guo ping@4主编 |
| 701 | 0 | @a郭瑞芳@Aguo rui fang@4主编 |
| 801 | 0 | @aCN@b大连网信软件有限公司图书馆·11@c20111226 |
| 905 | @aZUCC@dE81@eC969@f3 | |
| 21世纪战争透析/崔国平, 郭瑞芳主编.-石家庄:河北科学技术出版社,2003.01 |
| 327页;22cm |
| ISBN 7-5375-2679-6:CNY20.00 |
| ● |
| 相关链接 |
|
|
|
正题名:21世纪战争透析
索取号:E81/C969
 
预约/预借
| 序号 | 登录号 | 条形码 | 馆藏地/架位号 | 状态 | 备注 |
| 1 | 1069406 | 210694060 | 社科库509/509社科库 121排2列4层/ [索取号:E81/C969] | 在馆 | |
| 2 | 1069407 | 210694079 | 社科库509/509社科库 121排2列4层/ [索取号:E81/C969] | 在馆 | |
| 3 | 1069408 | 210694088 | 社科库509/509社科库 121排2列4层/ [索取号:E81/C969] | 在馆 |